000
00472nam a2200169Ia 4500
008
090123s9999 xx 000 0 und d
082
_b
952
100
_a
राजाध्यक्ष विजया
245
_a
टिंबे
250
_a
1
300
_a
167
600
_a
राजाध्यक्ष विजया
630
_a
टिंबे
700
_a
राजाध्यक्ष विजया
730
_a
टिंबे
942
_c
BOOK
999
_c
39039
_d
39039